000 01128nam a22003377a 4500
003 CHAP
005 20220329143708.0
008 110209s1990 mx a r 00010 spa d
010 _a100477
011 _a101449
020 _a9681834011
035 _a112137
040 _cCHAP
082 0 4 _a547.028
_bK25
100 1 _aKeese, R.
_962893
245 1 0 _aMétodos de laboratorio para química orgánica
_c/por R. Keese, R.K. Müller y T.P. Toube
260 _aMéxico, D.F. :
_bNoriega/Limusa,
_c1990
300 _a183 p. :
_bilus., esquema, gráfs.
534 _pTít. original
_tFundamentals of preparative organic chemistry
590 _aBATCH-UPD
_b10
_c20130110
_lUCH01
_h1550
590 _aBATCH-UPD
_b10
_c20130410
_lUCH01
_h0948
590 _aBATCH-UPD
_b10
_c20130914
_lUCH01
_h1707
590 _aCONVERSION
_b10
_c20130109
_lUCH01
_h1355
650 1 4 _aQuímica orgánica
_xManuales de laboratorio.
_993601
700 1 _aMüller, R. K.
_979971
700 1 _aToube,T. P.
_9114369
901 _aBK
911 _aen proceso
942 _cLIBRO
949 _a547.028 K25
_bBC
_cLIBRO
_d33724002231561
_eLIBRO
_h114208
_i112137
_si
999 _c100477
_d100477